| 000 | 00516nam a2200169 a 4500 | ||
|---|---|---|---|
| 005 | 20140412111312.0 | ||
| 008 | 000830s19uu xx 00 eng d | ||
| 020 | _a0-7835-9123-3 | ||
| 050 |
_aREF 030 _bT55 1996 v.1 |
||
| 245 |
_aTime Warner discoveries : _bancient China / _cconsulting editor Carol Michaelson. |
||
| 260 |
_aHong Kong : _bTime Warner Books, _c1997. |
||
| 300 | _a64 p. | ||
| 440 | _aTime Warner Discoveries Library | ||
| 500 | _aIncludes glossary and index | ||
| 650 | _aChina | ||
| 999 |
_c104061 _d104061 |
||